01017nam a2200241 a 4500001001000000003000500010005001700015008004100032010001100073011001100084040000900095100003300104245023300137260004100370500006000411502008700471650002800558650003100586650002200617650002900639650003700668856007000705000109174CHAP20220329144040.0140408s2013 mx sm |||||||spa d a105636 a106608 cCHAP1 aEsquivel Zepeda, Jorge Mario10aEfecto de cuatro métodos de preparación del suelo sobre la supervivencia de Pinus cembroides Zucc., en el Campo Forestal Experimental Las Cruces, municipio de Texcoco, Méxicoh[En línea]cpor Jorge Mario Esquivel Zepeda. aChapingo, Méx. :bEl autor,c2013. aPara ver el contenido del material haga clic en la liga aTesis (Ing. en Restauración Forestal) -- UACH. División de Ciencias Forestales14aÁrbolesxCrecimiento.14aÁrbolesxRegeneración.14aPinus cembroides.14aPreparación del sitio.14aReforestaciónxMéxico (Edo.) aFinding aiduhttp://10.13.5.2/tesis/sist109174.pdfzTeclea aquí